000
00273nam a2200121Ia 4500
005
20251222141834.0
008
251222s9999||||xx |||||||||||||| ||spa||
082
_a
332.1/Z95
100
_a
Zuñiga A., Remigio
245
0
_a
Banca Nacional
264
_b
Libertad
942
_c
LIB
999
_c
7197
_d
7197